A gift of fire :social, legal, and ethical issues for computing technology / (Record no. 2250)

000 -LEADER
fixed length control field 01191cam a2200325 a 4500
001 - CONTROL NUMBER
control field 17347243
003 - CONTROL NUMBER IDENTIFIER
control field OSt
005 - DATE AND TIME OF LATEST TRANSACTION
control field 20160706125356.0
008 - FIXED-LENGTH DATA ELEMENTS--GENERAL INFORMATION
fixed length control field 120614s2013 nju b 001 0 eng
010 ## - LIBRARY OF CONGRESS CONTROL NUMBER
LC control number 2012020988
020 ## - INTERNATIONAL STANDARD BOOK NUMBER
International Standard Book Number 9780132492676
040 ## - CATALOGING SOURCE
Original cataloging agency DLC
Transcribing agency DLC
Modifying agency DLC
042 ## - AUTHENTICATION CODE
Authentication code pcc
050 00 - LIBRARY OF CONGRESS CALL NUMBER
Classification number QA76.9.C66B3 2013
082 00 - DEWEY DECIMAL CLASSIFICATION NUMBER
Classification number 303.48/34
Edition number 23
100 1# - MAIN ENTRY--PERSONAL NAME
Personal name Baase, Sara.
245 12 - TITLE STATEMENT
Title A gift of fire :social, legal, and ethical issues for computing technology /
Statement of responsibility, etc Sara Baase.
250 ## - EDITION STATEMENT
Edition statement 4th ed.
260 ## - PUBLICATION, DISTRIBUTION, ETC. (IMPRINT)
Place of publication, distribution, etc Upper Saddle River, NJ :
Name of publisher, distributor, etc Pearson,
Date of publication, distribution, etc c2013.
300 ## - PHYSICAL DESCRIPTION
Extent xviii, 476 p. :
Other physical details ill. ;
Dimensions 24 cm.
504 ## - BIBLIOGRAPHY, ETC. NOTE
Bibliography, etc Includes bibliographical references and index.
650 #0 - SUBJECT ADDED ENTRY--TOPICAL TERM
Topical term or geographic name as entry element Computers
General subdivision Social aspects.
650 #0 - SUBJECT ADDED ENTRY--TOPICAL TERM
Topical term or geographic name as entry element Computers
General subdivision Moral and ethical aspects.
650 #0 - SUBJECT ADDED ENTRY--TOPICAL TERM
Topical term or geographic name as entry element Internet
General subdivision Social aspects.
650 #0 - SUBJECT ADDED ENTRY--TOPICAL TERM
Topical term or geographic name as entry element Internet
General subdivision Moral and ethical aspects.
856 ## - ELECTRONIC LOCATION AND ACCESS
Public note http://opac.riarauniversity.ac.ke:8080/cgi-bin/koha/cataloguing/addbiblio.pl?biblionumber=0&z3950=1&breedingid=20017#tab9XX
906 ## - LOCAL DATA ELEMENT F, LDF (RLIN)
a 7
b cbc
c orignew
d 1
e ecip
f 20
g y-gencatlg
942 ## - ADDED ENTRY ELEMENTS (KOHA)
Source of classification or shelving scheme
Koha item type Book
Holdings
Withdrawn status Lost status Source of classification or shelving scheme Damaged status Not for loan Home library Current library Shelving location Date acquired Total Checkouts Full call number Barcode Date last seen Copy number Price effective from Koha item type
          Riara University Library Riara University Library General stack 04/07/2016   QA76.9.C66B3 2013 7598/16 04/07/2016 C.1 04/07/2016 Book
          Riara University Library Riara University Library General stack 04/07/2016   QA76.9.C66B3 2013 7597/16 04/07/2016 C.2 04/07/2016 Book

Riara University Library,
P.O. Box 49940-00100,
Nairobi, Kenya.